U.S. State Capitals - Sudden Death - Statistics

General Stats
  • This quiz has been taken 4,866 times
    3,185 since last reset
  • The average score is 13 of 25
Answers on the Grid
Answers color-coded by a green-red scale on the quiz's grid according to % correct below.
Birmingham, Alabama
Anchorage, Alaska
Phoenix, Arizona
Little Rock, Arkansas
Sacramento, California
Denver, Colorado
Hartford, Connecticut
Newark, Delaware
Tallahassee, Florida
Atlanta,
Georgia
Honolulu, Hawaii
Boise,
Idaho
Springfield, Illinois
Indianapolis, Indiana
Iowa City,
Iowa
Topeka,
Kansas
Louisville, Kentucky
New Orleans, Louisiana
Portland,
Maine
Baltimore, Maryland
Boston, Massachusetts
Detroit, Michigan
Minneapolis, Minnesota
Jackson, Mississippi
Jefferson City, Missouri
Missoula, Montana
Omaha, Nebraska
Reno,
Nevada
Concord,
New Hampshire
Trenton,
New Jersey
Albuquerque, New Mexico
Albany,
New York
Charlotte,
North Carolina
Fargo,
North Dakota
Columbus,
Ohio
Oklahoma City, Oklahoma
Portland, Oregon
Philadelphia, Pennsylvania
Providence, Rhode Island
Charleston, South Carolina
Sioux Falls, South Dakota
Memphis, Tennessee
San Antonio, Texas
Salt Lake City, Utah
Montpelier, Vermont
Richmond, Virginia
Seattle, Washington
Charleston, West Virginia
Milwaukee, Wisconsin
Laramie, Wyoming
 
Answer Stats
Answer % Correct
Sacramento, California
75%
Phoenix, Arizona
74%
Honolulu, Hawaii
73%
Denver, Colorado
71%
Atlanta,
Georgia
70%
Little Rock, Arkansas
69%
Tallahassee, Florida
66%
Boise,
Idaho
63%
Springfield, Illinois
59%
Indianapolis, Indiana
58%
Hartford, Connecticut
57%
Boston, Massachusetts
53%
Topeka,
Kansas
50%
Albany,
New York
44%
Jackson, Mississippi
41%
Jefferson City, Missouri
41%
Trenton,
New Jersey
39%
Oklahoma City, Oklahoma
38%
Columbus,
Ohio
37%
Concord,
New Hampshire
37%
Providence, Rhode Island
34%
Salt Lake City, Utah
34%
Richmond, Virginia
33%
Montpelier, Vermont
32%
Charleston, West Virginia
29%
No matching quizzes found
Score Distribution
Percent of People with Each Score
Percentile by Number Answered
Your Score History
You have not taken this quiz since the last reset